000 00315nam a22001337a 4500
999 _c532903
_d532903
003 NUST
038 _aM.Ramzan
082 _a388
_bTAI
100 _aTain, A.K.
_926515
245 _aMaking Infrastructure work /
260 _aNew Delhi:
_bDiscovery publishing House,
_c2011.
300 _a414 p, :
942 _2ddc
_cBK